[Event "Amber-blind 6th"]
[Site "Monte Carlo"]
[Date "1997.??.??"]
[Round "11"]
[White "Nikolic, Predrag"]
[Black "Karpov, Anatoly"]
[Result "1-0"]
[WhiteElo "2655"]
[BlackElo "2760"]

1.d4 Nf6 2.c4 e6 3.Nf3 b6 4.g3 Ba6 5.b3 b5 6.cxb5 Bxb5 7.Bg2 d5 8.O-O Nbd7
9.Nc3 Ba6 10.Rb1 c5 11.dxc5 Bxc5 12.b4 Be7 13.b5 Bb7 14.Nd4 Rc8 15.Bd2 Nb6
16.a4 Nc4 17.Na2 a5 18.Nb3 Qb6 19.Qe1 Bd8 20.Bc3 O-O 21.e3 e5 22.Qe2 Qd6
23.Nd2 Re8 24.Rfd1 Qa3 25.Nxc4 Rxc4 26.Bxd5 Bxd5 27.Rxd5 Rxc3 28.Nxc3 Qxc3
29.Rd6 Qc7 30.Rbd1 Be7 31.Rc6 Qb7 32.Qc4 h5 33.h4 Kf8 34.b6 Rb8 35.Rb1 Qd7
36.Rc7 Qf5 37.Rb2 Ne8 38.b7 Bd6 39.Rc8 Qd7 40.Qb5 Ke7 41.Rxb8 Bxb8 42.Qxa5 Qc6
43.Qb4+ Nd6 44.a5 Ke6 45.Qb3+ Kf6 46.Rc2 Qa6 47.Qd5 Ke7 48.Rc6 Qa7 49.a6 Kd7
50.Rc8 g6 51.Qc6+ Ke7 52.Rc7+ Ke6 53.Qd7+ Kd5 54.e4+ Kxe4 55.Qxd6  1-0

[Event "Amber-rapid 6th"]
[Site "Monte Carlo"]
[Date "1997.??.??"]
[Round "11"]
[White "Karpov, Anatoly"]
[Black "Nikolic, Predrag"]
[Result "1/2-1/2"]
[WhiteElo "2760"]
[BlackElo "2655"]

1.Nf3 Nf6 2.c4 e6 3.Nc3 Bb4 4.Qc2 b6 5.a3 Bxc3 6.Qxc3 Bb7 7.b4 a5 8.Bb2 axb4
9.axb4 Rxa1+ 10.Bxa1 O-O 11.g3 c5 12.bxc5 bxc5 13.Qb3 Bxf3 14.Qxf3 Qb6 15.e3 Nc6
16.Bxf6 gxf6 17.Be2 Qb1+ 18.Bd1 f5 19.O-O Ne5 20.Qf4 Qe4 21.Be2 Rb8 22.d3 Qxf4
23.gxf4 Rb2 24.fxe5 Rxe2 25.Rb1 Rd2 26.Rb3 f6 27.exf6 Rd1+ 28.Kg2 Kf7 29.Kf3 Rd2
30.Rb5 Rxd3 31.Rxc5 Rd2 32.Rc8 Kxf6 33.c5 h5 34.h4 Rc2 35.Kg3 Rc4 36.f4 Rc2
37.Kf3 Kf7 38.Rd8 Rxc5 39.Rxd7+ Kf6 40.Rh7 Kg6 41.Re7 Kf6 42.Re8 Rc7 43.Rh8 Kg6
44.Rg8+ Kf6 45.Rg5 Rh7 46.Ke2 Rh8 47.Kd3 Rd8+ 48.Ke2 Rh8 49.Kf2 Kf7 50.Kg3 Kf6
51.Kf3 Kf7 52.e4 fxe4+ 53.Kxe4 Kf6 54.Ra5 Rh7  1/2-1/2

[Event "EU-chT (Men)"]
[Site "Pula"]
[Date "1997.??.??"]
[Round "2"]
[White "Nikolic, Predrag"]
[Black "Bareev, Evgeny"]
[Result "0-1"]
[WhiteElo "2655"]
[BlackElo "2665"]

1.d4 d5 2.c4 c6 3.Nf3 Nf6 4.Nc3 dxc4 5.e3 b5 6.a4 b4 7.Nb1 Ba6 8.Be2 e6 9.O-O Be7
10.Nbd2 c3 11.bxc3 bxc3 12.Nb1 Qa5 13.Ba3 c5 14.Bxa6 Nxa6 15.Ne5 Rc8 16.Qb3 cxd4
17.Qb7 Rc7 18.Qa8+ Bd8 19.Bd6 Qd5 20.Qxd5 Nxd5 21.Bxc7 Bxc7 22.exd4 Bxe5
23.dxe5 Ke7 24.Na3 Nab4 25.Rab1 Rc8 26.Rfc1 Nf4 27.Rxb4 Ne2+ 28.Kf1 Nxc1
29.Rb7+ Kf8 30.Nc2 Rd8 31.Ne3 Rc8 32.Nc2 a6 33.g3 Rd8 34.Ne3 Rc8 35.Nc2 Rd8
36.Ne3 Na2 37.a5 Rd1+ 38.Kg2 Rd3 39.Rc7 Ke8 40.Kf3 Kd8 41.Rc4 Kd7 42.h4 Rd2
43.Rc5 Rb2 44.Nc4 Kd8 45.Nb6 g5 46.Rc8+ Ke7 47.Rc7+ Kd8 48.Rc8+ Ke7 49.Rc7+ Kf8
50.Rc8+ Kg7 51.Nd7 g4+ 52.Kg2 Rb5 53.h5 Rd5 54.h6+ Kg6 55.Nf6 Rxe5 56.Nxg4 Rg5
57.f3 Rb5 58.Rg8+ Kf5 59.Rg7 c2 60.Rxf7+ Kg6 61.Rg7+ Kh5 62.Rg8 Rg5  0-1

[Event "EU-chT (Men)"]
[Site "Pula"]
[Date "1997.??.??"]
[Round "3"]
[White "Atalik, Suat"]
[Black "Nikolic, Predrag"]
[Result "0-1"]
[WhiteElo "2555"]
[BlackElo "2655"]

1.d4 d5 2.c4 c6 3.Nf3 Nf6 4.Nc3 dxc4 5.a4 Na6 6.e4 Bg4 7.Bxc4 Bxf3 8.gxf3 e6
9.Be3 Nb4 10.a5 Be7 11.Qb3 b5 12.axb6 axb6 13.O-O O-O 14.Rxa8 Qxa8 15.Rd1 Rd8
16.Bf1 Qa5 17.Ne2 c5 18.dxc5 Rxd1 19.Qxd1 bxc5 20.Nc3 h6 21.f4 Qc7 22.Bg2 Nd7
23.e5 Nf8 24.Nb5 Qb6 25.Nd6 Qc7 26.Be4 f5 27.Bf3 Kh7 28.Be2 Qa5 29.Bc4 Nc6
30.Nxf5 exf5 31.Qd5 Nd8 32.Bd3 g6 33.Bc4 Nde6 34.Qc6 Qc7 35.Qe8 Kg7 36.h4 h5
37.Bd5 Qd8 38.Qc6 Kf7 39.Bxc5 Qd7 40.Be3 Qxc6 41.Bxc6 Nc7 42.Kg2 Ke6 43.Kg3 Nd7
44.Kh3 Bb4 45.Kg3 Nc5 46.Kf3 Nd3 47.Ba4 Nxb2 48.Bb3+ Ke7 49.Ke2 Ne6  0-1

[Event "EU-chT (Men)"]
[Site "Pula"]
[Date "1997.??.??"]
[Round "4"]
[White "Ehlvest, Jaan"]
[Black "Nikolic, Predrag"]
[Result "1/2-1/2"]
[WhiteElo "2635"]
[BlackElo "2655"]

1.d4 d5 2.c4 dxc4 3.e3 Nf6 4.Bxc4 e6 5.Nf3 c5 6.O-O a6 7.dxc5 Qxd1 8.Rxd1 Bxc5
9.b3 b6 10.Bb2 Bb7 11.Be2 Nbd7 12.a3 O-O 13.Nbd2 b5 14.Rac1 Rfc8 15.b4 Bb6
16.Rxc8+ Rxc8 17.Rc1 Rxc1+ 18.Bxc1 Kf8 19.Bb2 Ke7 20.Kf1  1/2-1/2

[Event "EU-chT (Men)"]
[Site "Pula"]
[Date "1997.??.??"]
[Round "6"]
[White "Nikolic, Predrag"]
[Black "Azmaiparashvili, Zurab"]
[Result "1/2-1/2"]
[WhiteElo "2655"]
[BlackElo "2650"]

1.d4 Nf6 2.c4 g6 3.Nf3 Bg7 4.g3 d5 5.cxd5 Nxd5 6.Bg2 Nb6 7.O-O Nc6 8.e3 O-O
9.Nc3 Re8 10.b3 e5 11.Nxe5 Nxe5 12.dxe5 Qxd1 13.Nxd1 Bxe5 14.Bb2 Bxb2 15.Nxb2 Rd8
16.Rfd1 Bg4 17.f3 Rxd1+ 18.Rxd1 Be6 19.Kf2  1/2-1/2

[Event "EU-chT (Men)"]
[Site "Pula"]
[Date "1997.??.??"]
[Round "8"]
[White "Nikolic, Predrag"]
[Black "Hracek, Zbynek"]
[Result "1/2-1/2"]
[WhiteElo "2655"]
[BlackElo "2630"]

1.d4 Nf6 2.Nf3 e6 3.g3 c5 4.Bg2 Nc6 5.O-O cxd4 6.Nxd4 Qb6 7.Nb3 d5 8.Be3 Qd8
9.c4 dxc4 10.Bxc6+ bxc6 11.Qxd8+ Kxd8 12.Na5 Nd5 13.Nxc6+ Ke8 14.Bd4 f6 15.Nc3 Nxc3
16.bxc3 e5 17.Be3 Bf5 18.a3 a5 19.Rfd1 Ra6 20.Rd8+ Kf7 21.Na7 Rg8 22.Rb8 Be7
23.Rb7 Rd8 24.a4  1/2-1/2

[Event "NLD-ch"]
[Site "Rotterdam"]
[Date "1997.??.??"]
[Round "11"]
[White "Nikolic, Predrag"]
[Black "Riemersma, Liafbern"]
[Result "1/2-1/2"]
[WhiteElo "2655"]
[BlackElo "2435"]

1.d4 Nf6 2.c4 g6 3.Nf3 Bg7 4.g3 d5 5.cxd5 Nxd5 6.Bg2 Nb6 7.O-O Nc6 8.Nc3 O-O
9.d5 Na5 10.Qc2 c6 11.dxc6 Nxc6 12.Rd1 Qe8 13.Bf4 Bf5 14.Qc1 Rd8 15.Rxd8 Qxd8
16.Bh6 Qd6 17.Bxg7 Kxg7 18.Nh4 Be6 19.Nb5 Qe5 20.Bxc6 bxc6 21.Qc3 Qxc3 22.Nxc3 Rd8
23.Nf3 c5 24.Rc1 c4 25.Kf1 Nd5 26.Rd1 Rd6 27.Ke1 f6 28.a3 Kf7 29.Rd4 g5 30.Nd2 Nxc3
31.Rxd6 exd6 32.bxc3 d5 33.e4 Ke7 34.Ke2 Kd6 35.Ke3 Kc5 36.f4 gxf4+ 37.gxf4 Kb5
38.f5 Bf7 39.Kd4 dxe4 40.Nxe4 Ka4 41.Nxf6 Kxa3 42.Nxh7 a5 43.Ng5 a4 44.Nxf7 Kb3
45.f6 a3 46.Ne5 a2 47.f7 a1=Q 48.f8=Q Qxc3+ 49.Kd5 Qd2+ 50.Ke6 Qxh2 51.Nxc4  1/2-1/2

[Event "Amber-blind 7th"]
[Site "Monte Carlo"]
[Date "1998.03.13"]
[Round "1"]
[White "Nikolic, Predrag"]
[Black "Sadler, Matthew"]
[Result "1-0"]
[WhiteElo "2635"]
[BlackElo "2650"]

1.d4 Nf6 2.Nf3 g6 3.g3 Bg7 4.Bg2 O-O 5.c4 d6 6.O-O Bf5 7.b3 Na6 8.Bb2 c6
9.Nc3 Qd7 10.Re1 Ne4 11.Nh4 Nxc3 12.Bxc3 Bg4 13.Rc1 d5 14.Nf3 f6 15.cxd5 cxd5
16.b4 Nc7 17.Qb3 Be6 18.Nd2 Bf7 19.Bb2 Rfc8 20.a4 a6 21.Rc2 Ne8 22.Rec1 Bh6
23.e3 e6 24.Bf1 Nd6 25.b5 axb5 26.axb5 Rxc2 27.Rxc2 Rc8 28.Rxc8+ Qxc8 29.Ba3 Bf8
30.Bc5 Ne4 31.Nxe4 dxe4 32.Qa3 e5 33.Qa7 Bd5 34.Qb6 Kf7 35.Bxf8 Qxf8 36.dxe5 fxe5
37.Bc4 Bxc4 38.Qc7+ Kf6 39.Qxc4 Qe8 40.Qd5 b6 41.Kg2 Kf5 42.h3 h5 43.h4 Qe6
44.Qd8 Qf6 45.Qc8+ Qe6 46.Qb8 Kg4 47.Qd8 Qf5 48.Qxb6 Qf3+ 49.Kg1 Qf5 50.Qd6 Kh3
51.b6 Qc8 52.Qc7 Qg4 53.Qc4 Qd7 54.Qf1+ Kg4 55.Qb1 Qb7 56.Kg2 Kf5 57.Qb4 Ke6
58.Qc5 Kd7 59.Qxe5 Qxb6 60.Qxe4 Qa6 61.g4 hxg4 62.Kg3 Qf1 63.Qxg4+ Ke7 64.Qf3 Qg1+
65.Qg2 Qd1 66.Qe4+ Kf7 67.Qf3+  1-0

[Event "Amber-rapid 7th"]
[Site "Monte Carlo"]
[Date "1998.03.13"]
[Round "1"]
[White "Sadler, Matthew"]
[Black "Nikolic, Predrag"]
[Result "1-0"]
[WhiteElo "2650"]
[BlackElo "2635"]

1.d4 Nf6 2.c4 e6 3.Nc3 Bb4 4.e3 c5 5.Ne2 cxd4 6.exd4 O-O 7.a3 Be7 8.d5 exd5
9.cxd5 Re8 10.d6 Bf8 11.g3 b6 12.Bg2 Nc6 13.O-O Ba6 14.Bf4 Rc8 15.Re1 Ne5
16.Qa4 Bc4 17.Red1 Bxe2 18.Nxe2 Nc4 19.Rdc1 Nxd6 20.Nc3 a5 21.Qd4 Nf5 22.Qd3 g6
23.Bb7 Rc5 24.b4 axb4 25.axb4 Rc6 26.Bxc6 dxc6 27.Qxd8 Rxd8 28.Bg5 Rd6 29.b5 c5
30.Ra6 Nd4 31.Kg2 Nd7 32.Re1 Ne6 33.Ne4 Rd5 34.Nf6+ Nxf6 35.Bxf6 Rf5 36.Bb2 Bg7
37.Bxg7 Kxg7 38.Rxb6 c4 39.Rb8 c3 40.Rc1 Rc5 41.b6 Kf6 42.Rh8 Rb5 43.Rxc3 Rxb6
44.Rxh7 Ng5 45.Rh4 Kg7 46.Rhc4 Ne6 47.Rc2 Rb3 48.R4c3 Rb5 49.Ra2 Rb7 50.Rca3 Rd7
51.Ra7 Rd5 52.R2a3 g5 53.R3a5 Rd8 54.Rf5 Rf8 55.Kh3 Kg6 56.Kg4 f6 57.Ra6 Kf7
58.Rb5 Re8 59.Rbb6 Re7 60.Rd6 Re8 61.Rxe6 Rxe6 62.Rxe6 Kxe6 63.f4  1-0

[Event "Amber-rapid 7th"]
[Site "Monte Carlo"]
[Date "1998.03.14"]
[Round "2"]
[White "Nikolic, Predrag"]
[Black "Van Wely, Loek"]
[Result "0-1"]
[WhiteElo "2635"]
[BlackElo "2605"]

1.d4 Nf6 2.c4 e6 3.Nf3 d5 4.Bg5 h6 5.Bxf6 Qxf6 6.e3 c6 7.Nbd2 Nd7 8.Qc2 g6
9.Bd3 Bg7 10.O-O O-O 11.e4 dxe4 12.Nxe4 Qf4 13.Rad1 e5 14.dxe5 Nxe5 15.Nxe5 Qxe5
16.b3 Bg4 17.Rd2 Rad8 18.h3 Bf5 19.Ng3 Bc8 20.Rfd1 Rd6 21.Ne4 Rd4 22.c5 a5
23.Nd6 Rd5 24.Bc4 Rxd2 25.Qxd2 Qxc5 26.Nxc8 Rxc8 27.Bxf7+ Kh7 28.Qd3 Qg5
29.Qd7 Rf8 30.Rd3 Qc1+ 31.Kh2 Qf4+ 32.Kg1 Rxf7  0-1

[Event "Amber-blind 7th"]
[Site "Monte Carlo"]
[Date "1998.03.14"]
[Round "2"]
[White "Van Wely, Loek"]
[Black "Nikolic, Predrag"]
[Result "1/2-1/2"]
[WhiteElo "2605"]
[BlackElo "2635"]

1.d4 Nf6 2.c4 e6 3.Nf3 Bb4+ 4.Bd2 a5 5.g3 d6 6.Bg2 Nbd7 7.O-O e5 8.Nc3 O-O
9.Qc2 c6 10.e4 Re8 11.Rad1 exd4 12.Nxd4 Nc5 13.Rfe1 Bg4 14.f3 Bd7 15.a3 Bxc3
16.Bxc3 a4 17.h3 Qb6 18.Kh2 Red8 19.f4 Qc7 20.Nf3 Ne8 21.Bd4 Nb3 22.Be3 c5
23.Bf2 b5 24.cxb5 Rab8 25.e5 dxe5 26.Nxe5 Bxb5 27.Rxd8 Rxd8 28.Rd1 f6 29.Rxd8 Qxd8
30.Ng4 Qd6 31.Ne3 Nd4 32.Qd1 Nc7 33.Nc2 Be2 34.Qe1 Nf3+ 35.Bxf3 Bxf3 36.Qc3 Qd1
37.Ne1 Bd5 38.Qxc5 Qe2 39.Qe3 Qf1 40.Nf3 h6 41.g4 Ne6 42.Kg3 g5 43.fxg5 hxg5
44.Qe1 Qd3 45.Qc3 Qxc3 46.bxc3 Kf7 47.Nd2 Nf4 48.c4 Ne2+ 49.Kh2 Bb7 50.h4 gxh4
51.Bxh4 Nd4 52.Kg3  1/2-1/2

[Event "Amber-blind 7th"]
[Site "Monte Carlo"]
[Date "1998.03.17"]
[Round "5"]
[White "Piket, Jeroen"]
[Black "Nikolic, Predrag"]
[Result "1/2-1/2"]
[WhiteElo "2575"]
[BlackElo "2635"]

1.Nf3 d5 2.d4 Nf6 3.c4 dxc4 4.Nc3 a6 5.e4 b5 6.e5 Nd5 7.a4 e6 8.axb5 Nb6
9.Be3 Be7 10.Nd2 Bb7 11.bxa6 Nxa6 12.Nxc4 O-O 13.Nxb6 cxb6 14.Bxa6 Bxa6 15.f3 Bb4
16.h4 Bxc3+ 17.bxc3 Qc7 18.Qd2 Rfc8 19.Kf2 Qxc3 20.Qxc3 Rxc3 21.Rhb1 Rc6
22.Rb2 Bb7 23.Rxa8+ Bxa8 24.d5 exd5 25.Bxb6 Rc8 26.Bd4 Bc6 27.g4 h5 28.gxh5 Bd7  1/2-1/2

[Event "Amber-rapid 7th"]
[Site "Monte Carlo"]
[Date "1998.03.17"]
[Round "5"]
[White "Nikolic, Predrag"]
[Black "Piket, Jeroen"]
[Result "1/2-1/2"]
[WhiteElo "2635"]
[BlackElo "2575"]

1.d4 Nf6 2.c4 e6 3.Nf3 d5 4.Nc3 c5 5.cxd5 Nxd5 6.e4 Nxc3 7.bxc3 cxd4 8.cxd4 Bb4+
9.Bd2 Bxd2+ 10.Qxd2 O-O 11.Bc4 Nc6 12.O-O b6 13.Rad1 Na5 14.Bd3 Bb7 15.Qf4 Qf6
16.Qe3 Qe7 17.e5 Bxf3 18.Qxf3 Rac8 19.d5 exd5 20.Qxd5 Rfd8 21.Qe4 g6 22.Ba6 Rc7
23.h3 Nc6 24.f4 Qc5+ 25.Kh2 Rd4 26.Rxd4 Qxd4 27.Qc2 Qc5 28.Qxc5 bxc5 29.Rb1 Kf8
30.Kg3 Ke7 31.Kf3 c4 32.Ke3 c3 33.Bd3 c2 34.Bxc2 Nxe5 35.Bb3 Nd7 36.Re1 Nc5
37.Kd4+ Kd6 38.Bc4 Ne6+ 39.Bxe6 fxe6 40.Re2  1/2-1/2

[Event "Amber-rapid 7th"]
[Site "Monte Carlo"]
[Date "1998.03.18"]
[Round "6"]
[White "Karpov, Anatoly"]
[Black "Nikolic, Predrag"]
[Result "1-0"]
[WhiteElo "2735"]
[BlackElo "2635"]

1.d4 d5 2.c4 dxc4 3.e4 Nf6 4.e5 Nd5 5.Bxc4 Nb6 6.Bd3 Nc6 7.Be3 Be6 8.Ne2 Nb4
9.Be4 Bd5 10.f3 e6 11.a3 Nc6 12.Nbc3 Bxe4 13.fxe4 Nc4 14.Bc1 Qd7 15.b3 Nb6
16.O-O Be7 17.Be3 O-O 18.Qc2 f6 19.exf6 Rxf6 20.Rxf6 Bxf6 21.Rd1 Rf8 22.Qd3 a6
23.Kh1 Qe7 24.e5 Bg5 25.Bxg5 Qxg5 26.Ne4 Qg6 27.Nc5 Qxd3 28.Rxd3 Rf1+ 29.Ng1 Nd8
30.g3 Nd5 31.b4 Rc1 32.h4 Kf7 33.Kg2 Rc2+ 34.Kf3 Ke7 35.Ne2 Nb6 36.Rc3 Rxc3+
37.Nxc3 Nc4 38.a4 Nc6 39.Ke4 Nxb4 40.Nxb7 c6 41.Nc5 a5 42.Ne2 Nd5 43.Nf4 Nxf4
44.Kxf4 Nb6 45.Kg5 Kf7 46.Nb7 Nxa4 47.Nd8+ Ke7 48.Nxc6+ Kf7 49.Nxa5 Nc3 50.Kg4 h5+
51.Kf3 Nd5 52.Nb7 Kg6 53.Nd6 Nb4 54.Ke4 Nd5 55.Kd3 Nb4+ 56.Kc4 Nd5 57.Kc5 Nc3
58.Kc6 Ne2 59.d5 exd5 60.e6 Kf6 61.Kd7  1-0

[Event "Amber-rapid 7th"]
[Site "Monte Carlo"]
[Date "1998.03.20"]
[Round "7"]
[White "Nikolic, Predrag"]
[Black "Shirov, Alexei"]
[Result "1/2-1/2"]
[WhiteElo "2635"]
[BlackElo "2710"]

1.d4 Nf6 2.c4 g6 3.Nf3 Bg7 4.g3 O-O 5.Bg2 d6 6.O-O Nc6 7.Nc3 a6 8.Bd2 Bd7
9.Rc1 Rb8 10.d5 Na5 11.b3 b5 12.Nd4 b4 13.Nb1 Nxd5 14.cxd5 Bxd4 15.Rc2 e5
16.dxe6 Bxe6 17.Bh6 Bg7 18.Bxg7 Kxg7 19.Qd4+ Kg8 20.Rd1 Rb6 21.Nd2 c5 22.Qf4 Qe7
23.Ne4 Bf5 24.Rcd2 Bxe4 25.Bxe4 Rd8 26.Rd5 Nc6 27.e3 Na7 28.Bd3 Nb5 29.Bxb5 axb5
30.h4 Ra6 31.R1d2 Rda8 32.Rxd6 Rxd6 33.Rxd6 Rxa2 34.Rb6 Ra3 35.h5 gxh5 36.Qh6 Ra8
37.Qxh5 Qe4 38.Qg5+ Kh8 39.Qf6+ Kg8 40.Qg5+ Kh8 41.Kh2 c4 42.Qf6+ Kg8 43.Qg5+ Kh8
44.Qf6+ Kg8 45.Qg5+  1/2-1/2

[Event "Amber-blind 7th"]
[Site "Monte Carlo"]
[Date "1998.03.21"]
[Round "8"]
[White "Nikolic, Predrag"]
[Black "Ivanchuk, Vassily"]
[Result "0-1"]
[WhiteElo "2635"]
[BlackElo "2740"]

1.d4 Nf6 2.c4 e6 3.Nf3 d5 4.Nc3 c6 5.e3 Nbd7 6.Be2 Bd6 7.O-O O-O 8.b3 b6
9.Bb2 Bb7 10.Qc2 Qe7 11.Rad1 Rad8 12.e4 Nxe4 13.Nxe4 dxe4 14.Qxe4 Nf6 15.Qe3 c5
16.Ne5 cxd4 17.Bxd4 Nd7 18.h3 Nxe5 19.Bxe5 Bc5 20.Qg3 f6 21.Bc3 e5 22.Rxd8 Rxd8
23.Rd1 a5 24.Rxd8+ Qxd8 25.Bf3 e4 26.Bg4 Qe7 27.Bd2 g6 28.Be3 Bd6 29.Bf4 Bc5
30.Be3 Kg7 31.Bxc5 bxc5 32.Qb8 e3 33.Qg3 exf2+ 34.Kxf2 Qe5 35.Qxe5 fxe5 36.g3 Be4
37.Ke3 Bb1 38.Bd1 Kf6 39.a3 e4 40.b4 cxb4 41.axb4 axb4 42.Kd4 Ke7 43.c5 Ba2
44.Be2 Be6 45.h4 b3 46.Bd1 b2 47.Bc2 e3 48.Kxe3 Bf5 49.Kd2 b1=R 50.Bxb1 Bxb1
51.Ke3 h5  0-1

[Event "Amber-blind 7th"]
[Site "Monte Carlo"]
[Date "1998.03.22"]
[Round "9"]
[White "Anand, Viswanathan"]
[Black "Nikolic, Predrag"]
[Result "1-0"]
[WhiteElo "2770"]
[BlackElo "2635"]

1.d4 Nf6 2.c4 e6 3.g3 Bb4+ 4.Bd2 c5 5.Bxb4 cxb4 6.Bg2 O-O 7.Nf3 a5 8.O-O b6
9.Ne1 Ra7 10.a3 bxa3 11.Nxa3 d6 12.Nd3 Re7 13.b4 e5 14.bxa5 bxa5 15.Nb5 e4
16.Nf4 g5 17.Nd5 Nxd5 18.cxd5 f5 19.Qd2 f4 20.Rfc1 Bg4 21.e3 Bf3 22.Qxa5 Qe8
23.Nxd6 Qh5 24.Rc8 Nd7 25.Rxf8+ Nxf8 26.Bf1 Qg6 27.Nc4 fxg3 28.fxg3 h5 29.d6 Rh7
30.Qd5+ Kh8 31.Ra8  1-0

[Event "Amber-rapid 7th"]
[Site "Monte Carlo"]
[Date "1998.03.22"]
[Round "9"]
[White "Nikolic, Predrag"]
[Black "Anand, Viswanathan"]
[Result "0-1"]
[WhiteElo "2635"]
[BlackElo "2770"]

1.d4 d5 2.c4 c6 3.Nc3 Nf6 4.Nf3 e6 5.Bg5 h6 6.Bxf6 Qxf6 7.e3 Nd7 8.Bd3 dxc4
9.Bxc4 g6 10.O-O Bg7 11.b4 O-O 12.Rc1 Qe7 13.Qb3 b6 14.b5 Bb7 15.bxc6 Bxc6
16.Nd2 a6 17.Bd3 b5 18.Be4 Bxe4 19.Ncxe4 Nb6 20.Rc6 Qb7 21.Rc2 Qd5 22.Rfc1 Qxb3
23.Nxb3 Nd5 24.Nec5 a5 25.a4 Rfb8 26.Ra1 Bf8 27.g3 Bxc5 28.Nxc5 b4 29.Ne4 Rc8
30.Rac1 Rxc2 31.Rxc2 f5 32.Nc5 Kf7 33.Kf1 Nc3 34.Ke1 e5 35.dxe5 Rd8 36.Rd2 Rxd2
37.Kxd2 Ne4+ 38.Nxe4 fxe4 39.Kc2 Ke6 40.Kb3 Kxe5 41.Kc4 h5 42.h4 Ke6  0-1

[Event "Amber-blind 7th"]
[Site "Monte Carlo"]
[Date "1998.03.25"]
[Round "10"]
[White "Nikolic, Predrag"]
[Black "Ljubojevic, Ljubomir"]
[Result "1-0"]
[WhiteElo "2635"]
[BlackElo "2565"]

1.d4 Nf6 2.c4 g6 3.Nf3 Bg7 4.g3 O-O 5.Bg2 d6 6.O-O Nc6 7.Nc3 a6 8.b3 Rb8
9.Bb2 Bd7 10.Rc1 b5 11.cxb5 axb5 12.Ne1 b4 13.Na4 Na7 14.Nd3 Rb5 15.Qd2 Qb8
16.Rc4 Rc8 17.Nxb4 d5 18.Na6 dxc4 19.Nxb8 Rbxb8 20.Nc5 cxb3 21.axb3 Be8 22.d5 Nb5
23.Rc1 Rd8 24.Na6 Rbc8 25.e4 e6 26.Nb4 c5 27.Nd3 exd5 28.exd5 Nxd5 29.Bxg7 Kxg7
30.Rxc5 Ndc3 31.Rxc8 Rxc8 32.Ne5 h5 33.h3 Nd4 34.Nc4 Ncb5 35.Qe3 Bd7 36.Nd6 Rc7
37.Qe5+ Kf8 38.Qf6 Rc1+ 39.Kh2 Be6 40.Nxb5 Nxb5 41.Qg5 Rb1 42.Qxb5 Rxb3 43.Qc5+ Kg8
44.Bd5 Bxd5 45.Qxd5 Rb8 46.Qe5 Rc8 47.g4 hxg4 48.hxg4 Rc4 49.Kg3 Rc2 50.f4 Ra2
51.Kh4 Ra6 52.Kg5 Kh7 53.Qc3 Re6 54.f5 gxf5 55.gxf5 Rh6 56.Qc7 Kg7 57.f6+ Rxf6
58.Qe5  1-0

[Event "Sarajevo Bosnia"]
[Site "Sarajevo"]
[Date "1998.05.30"]
[Round "2"]
[White "Nikolic, Predrag"]
[Black "Bareev, Evgeny"]
[Result "0-1"]
[WhiteElo "2635"]
[BlackElo "2675"]

1.d4 d5 2.c4 c6 3.Nc3 Nf6 4.cxd5 cxd5 5.Bf4 Nc6 6.e3 a6 7.Bd3 Bg4 8.Nge2 e6
9.O-O Bh5 10.Qb3 Ra7 11.Rfc1 Be7 12.Ng3 Bg6 13.Bb5 axb5 14.Nxb5 Qa5 15.Bc7 Qa4
16.Nxa7 Qxa7 17.Bb6 Qa6 18.Bc5 Nd7 19.Bxe7 Kxe7 20.a4 Qb6 21.Qxb6 Nxb6 22.a5 Nc4
23.a6 Rb8 24.Rc3 bxa6 25.Rxa6 N6a5 26.Ra7+ Kf6 27.h4 Rxb2 28.h5 Bb1 29.Rc7 g5
30.hxg6 Bxg6 31.Rc1 Nb3 32.Re1 Nbd2 33.Ne2 Ne4 34.f3 Ned6 35.Nf4 Kg5 36.Nh3+ Kh4
37.Nf2 Nf5 38.e4 Nxd4 39.exd5 exd5 40.Rd7 Nd2 41.Ra1 Kg3 42.Nh1+ Kf4 43.Rxd5 Ne2+
44.Kf2 Nxf3  0-1

[Event "Sarajevo Bosnia"]
[Site "Sarajevo"]
[Date "1998.06.01"]
[Round "4"]
[White "Nikolic, Predrag"]
[Black "Sokolov, Ivan"]
[Result "1/2-1/2"]
[WhiteElo "2635"]
[BlackElo "2625"]

1.d4 Nf6 2.Nf3 g6 3.g3 Bg7 4.Bg2 d5 5.O-O c6 6.b3 O-O 7.c4 Ne4 8.Bb2 Be6
9.Na3 Nd7 10.e3 Qa5 11.Qe2 Bg4 12.h3 Bxf3 13.Bxf3 Nd2 14.Rfc1 Nxf3+ 15.Qxf3 e5
16.cxd5 cxd5 17.Nb1 Rac8 18.Bc3 Qb5 19.Na3 Qa6 20.Bb4 exd4 21.exd4 Bxd4 22.Bxf8 Rxf8
23.Nc2 Bxa1 24.Rxa1 Nf6 25.Ne3 Rd8 26.Rd1 Qe6 27.Rd4 h5 28.Qf4 Kg7 29.g4 hxg4
30.hxg4 Ne4 31.Nxd5 Nxf2 32.Qxf2 Rxd5 33.Rxd5 Qxd5 34.Qxa7 Qf3 35.Qd4+ f6
36.Qd7+ Kh6 37.Qd2+ Kg7 38.Qd7+  1/2-1/2

[Event "Sarajevo Bosnia"]
[Site "Sarajevo"]
[Date "1998.06.04"]
[Round "7"]
[White "Kortschnoj, Viktor"]
[Black "Nikolic, Predrag"]
[Result "1-0"]
[WhiteElo "2625"]
[BlackElo "2635"]

1.d4 f5 2.c4 Nf6 3.Nc3 e6 4.e3 d5 5.Bd3 c6 6.Qc2 Bd6 7.f3 O-O 8.Nge2 Qc7
9.cxd5 Nxd5 10.Qb3 Kh8 11.Bd2 Nd7 12.Rc1 Qb6 13.Bc4 N7f6 14.O-O Bd7 15.Na4 Qxb3
16.Bxb3 b6 17.Nac3 Rfe8 18.Ng3 Nxc3 19.Bxc3 c5 20.Rfd1 Rac8 21.d5 Bxg3 22.hxg3 Nxd5
23.Bxd5 exd5 24.Rxd5 Be6 25.Rd6 Rcd8 26.Rcd1 Rxd6 27.Rxd6 Kg8 28.a4 Kf7 29.a5 b5
30.Ra6 Re7 31.Rc6 b4 32.Be1 Rd7 33.Rxc5 Rd1 34.Kf2 Rb1 35.Rc2 Bb3 36.Rc7+ Kg8
37.Bxb4 Rxb2+ 38.Kg1 a6 39.Bc3 Rc2 40.Rxg7+ Kf8 41.Bd4 Ra2 42.Rxh7 Rxa5 43.Rh4 Be6
44.e4 fxe4 45.Rxe4 Kf7 46.g4 Ra2 47.Rf4+ Kg8 48.g5 Bf7 49.Rf6  1-0

[Event "Sarajevo Bosnia"]
[Site "Sarajevo"]
[Date "1998.06.05"]
[Round "8"]
[White "Nikolic, Predrag"]
[Black "Piket, Jeroen"]
[Result "1/2-1/2"]
[WhiteElo "2635"]
[BlackElo "2575"]

1.Nf3 d5 2.d4 e6 3.Bg5 Be7 4.Bxe7 Nxe7 5.e3 O-O 6.c4 c5 7.dxc5 Qa5+ 8.Nc3 dxc4
9.Bxc4 Qxc5 10.Qd4 Qa5 11.Qe5 Qxe5 12.Nxe5 Nd7 13.Nxd7 Bxd7 14.Ke2 Rac8 15.Bb3 Rfd8
16.Rhd1 Kf8 17.h4 h6 18.Rac1 Be8 19.Rxd8 Rxd8 20.a3  1/2-1/2

[Event "NLD-ch"]
[Site "Rotterdam"]
[Date "1998.06.21"]
[Round "1"]
[White "Nikolic, Predrag"]
[Black "Van der Weide, Karel"]
[Result "1-0"]
[WhiteElo "2635"]
[BlackElo "2450"]

1.d4 Nf6 2.c4 c5 3.d5 b5 4.Nf3 g6 5.Qc2 Bg7 6.e4 O-O 7.cxb5 a6 8.Nc3 axb5
9.Bxb5 Ba6 10.O-O Qb6 11.a4 Bxb5 12.Nxb5 Na6 13.Qc4 Ne8 14.Bg5 Nd6 15.Qe2 Rfb8
16.Bxe7 Nxb5 17.axb5 Qxb5 18.Qxb5 Rxb5 19.e5 Re8 20.Rxa6 Rxe7 21.Ra8+ Bf8
22.Rd8 Rxb2 23.d6 Re6 24.Rxd7 Rb8 25.Rd1 f6 26.h3 h6 27.Rd5 Rc8 28.Rb7 Rd8
29.Rc7 fxe5 30.d7 Kg7 31.Rc8 Be7 32.Nxe5 Rxe5 33.Rxe5 Rxd7 34.Kf1 Kf6 35.Re3 Ra7
36.Rc6+ Kf7 37.g3 h5 38.h4 Rb7 39.Kg2  1-0

[Event "NLD-ch"]
[Site "Rotterdam"]
[Date "1998.06.23"]
[Round "3"]
[White "Nikolic, Predrag"]
[Black "Van Wely, Loek"]
[Result "1-0"]
[WhiteElo "2635"]
[BlackElo "2605"]

1.Nf3 Nf6 2.c4 c5 3.g3 b6 4.Bg2 Bb7 5.O-O e6 6.Nc3 Be7 7.d4 cxd4 8.Qxd4 O-O
9.Bf4 d6 10.Qd2 Qc8 11.Rac1 Rd8 12.Rfd1 a6 13.Qe3 Qc7 14.Bh3 Qc5 15.Nd5 Bxd5
16.cxd5 Qxe3 17.Bxe3 Nxd5 18.Rxd5 exd5 19.Bxb6 Rf8 20.b4 f5 21.Be3 Nd7 22.Rc7 Rad8
23.Nd4 Bf6 24.Ne6 g6 25.Bg2 d4 26.Bh6 Rfe8 27.Nxd8 Rxd8 28.Bd5+ Kh8 29.h4 Ne5
30.Bg5 Bxg5 31.hxg5 d3 32.exd3 Nxd3 33.a3 Re8 34.Bc4 Ne5 35.Bxa6 h6 36.gxh6 d5
37.a4 d4 38.Rc5 d3 39.Kg2 g5 40.Bb5 Re6 41.Rd5  1-0

[Event "NLD-ch"]
[Site "Rotterdam"]
[Date "1998.06.26"]
[Round "5"]
[White "Nikolic, Predrag"]
[Black "Ernst, Sipke"]
[Result "1-0"]
[WhiteElo "2635"]
[BlackElo "2300"]

1.d4 d5 2.c4 c6 3.Nc3 Nf6 4.e3 g6 5.Nf3 Bg7 6.h3 O-O 7.Be2 a6 8.O-O b5 9.cxd5 cxd5
10.Ne5 Bb7 11.Nd3 Nbd7 12.a4 Ne4 13.axb5 Nxc3 14.bxc3 axb5 15.Rxa8 Qxa8 16.Nb4 Bc6
17.Qb3 Rb8 18.Ba3 Nf6 19.Nxc6 Qxc6 20.Bd3 Bf8 21.Rb1 Rc8 22.Bb4 e6 23.Ba5 Rb8
24.Bxb5 Qa8 25.Bc7 Rb7 26.Be5 Ne4 27.Qc2 Qa5 28.c4 Nc3 29.Rb3 Nxb5 30.cxb5 Rxb5
31.Qc8 Rxb3 32.Bd6 Kg7 33.Qxf8+ Kf6 34.Qh8+  1-0

[Event "NLD-ch"]
[Site "Rotterdam"]
[Date "1998.06.27"]
[Round "6"]
[White "Sokolov, Ivan"]
[Black "Nikolic, Predrag"]
[Result "1/2-1/2"]
[WhiteElo "2625"]
[BlackElo "2635"]

1.d4 f5 2.Nc3 d5 3.Bg5 c6 4.e3 Qb6 5.Rb1 Nd7 6.Bd3 g6 7.h4 Bg7 8.h5 h6 9.Bf4 g5
10.Bh2 e5 11.Bxf5 exd4 12.exd4 Ne7 13.Qe2 Qxd4 14.Nf3 Qf6 15.Be6 Nb6 16.Bxc8 Rxc8
17.O-O O-O 18.Ne5 Rce8 19.Rbe1 Nf5 20.Qg4 Nh4 21.Nd1 Qe6 22.Qb4 Qc8  1/2-1/2

[Event "NLD-ch"]
[Site "Rotterdam"]
[Date "1998.06.28"]
[Round "7"]
[White "Nikolic, Predrag"]
[Black "Timman, Jan H"]
[Result "1/2-1/2"]
[WhiteElo "2635"]
[BlackElo "2635"]

1.d4 d5 2.c4 c6 3.Nc3 Nf6 4.Nf3 e6 5.Bg5 dxc4 6.e4 b5 7.e5 h6 8.Bh4 g5 9.Nxg5 hxg5
10.Bxg5 Nbd7 11.exf6 Bb7 12.g3 c5 13.d5 Qb6 14.Bg2 O-O-O 15.O-O b4 16.Na4 Qa6
17.a3 Bxd5 18.axb4 Bxg2 19.Kxg2 cxb4 20.Qe2 Qb5 21.Rfd1 Ne5 22.Nb6+ Qxb6
23.Rxd8+ Qxd8 24.Qxe5 Qd5+ 25.Qxd5 exd5 26.Rxa7 d4 27.Bf4 c3 28.Rc7+ Kd8
29.Rc4 cxb2 30.Rxd4+ Kc8 31.Rd1 Bh6 32.Bxh6 Rxh6 33.Rb1 Rxf6 34.Rxb2 Rb6
35.Kf3 Kd7 36.h4 Kd6 37.g4 Ke5 38.Rb3 Rb8 39.Ke3 f5 40.f3 fxg4 41.fxg4 Rb7
42.Kf3 Rb8 43.Kg3 Rb7 44.Re3+ Kd5 45.h5 b3 46.Re1 b2 47.Rb1 Ke5 48.h6  1/2-1/2

[Event "Elista ol (Men)"]
[Site "Elista"]
[Date "1998.10.01"]
[Round "3"]
[White "Nikolic, Predrag"]
[Black "Barua, Dibyendu"]
[Result "1/2-1/2"]
[WhiteElo "2640"]
[BlackElo "2540"]

1.d4 d5 2.c4 e6 3.Nc3 c6 4.Nf3 Nf6 5.e3 Nbd7 6.Bd3 Bd6 7.e4 dxe4 8.Nxe4 Nxe4
9.Bxe4 h6 10.O-O O-O 11.Bc2 e5 12.Re1 Bb4 13.Bd2 Bxd2 14.Qxd2 exd4 15.Nxd4 Nf6
16.Qf4 Re8 17.h3 Bd7 18.Nb3 Rxe1+ 19.Rxe1 Qf8 20.Re5 Re8 21.Nc5 Bc8 22.a3 Rxe5
23.Qxe5 Qe8 24.Qd4 b6 25.Ne4  1/2-1/2